000 00941nam0a22002651 4500
001 v19\rc\2022088
005 20260408081716.0
035 _a(NLR Aleph) 005102306
090 _a7405578
_c7405578
100 _a20080925g19161917|||y0rusy50 ca
101 0 _arus
102 _aRU
105 _aa z |||||
200 1 _aПроизводство точных приборов т-ва Грюн, Фавловский и К°
210 _aПетроград
_d1916/1917
215 _a12 с.
_cил.
532 1 2 _aПроизводство точных приборов товарищества Грюн, Фавловский и К°
710 0 2 _a"Грюн, Фавловский и К°", товарищество
_cПетроград
_3RU\NLR\AUTH\8810222146
_9329122
801 0 _aRU
_bNLR
_gpsbo
801 0 _aRU
_bRuMoRGB
_2psbo
801 1 _aRU
_bProSoft-M
_2rusmarc
852 _aNLR
_j37.60.5.338
942 _cBOOK
980 _aNB